Statistics for European Geography by Letter - U

Click here to take the quiz!

General Stats

  • This quiz has been taken 47 times
  • The average score is 10 of 20

Answer Stats

HintAnswer% Correct
Largest country entirely in EuropeUkraine
100%
Country consisting of England, Scotland, Wales, and Northern IrelandUnited Kingdom
100%
Name for the flag of the above countryUnion Jack
98%
Mountain range in Russia and Kazakhstan that divides Europe from AsiaUral Mountains
93%
Governing body of football in Europe, which runs competitions such as the European Championship for national teams and the Champions League for clubsUEFA
87%
One of four historic provinces of Ireland, including all of Northern Ireland and three counties in the Republic of IrelandUlster
84%
Fourth-largest city of the NetherlandsUtrecht
84%
Fourth-largest city in Sweden, with the oldest university in the Nordic countriesUppsala
64%
German city where Albert Einstein was bornUlm
62%
Capital of Bashkortostan, RussiaUfa
49%
Language family including Hungarian, Finnish, and EstonianUralic
47%
City of 100,000 in northeast ItalyUdine
40%
Russian city where Vladimir Lenin was bornUlyanovsk
29%
Largest city in northern SwedenUmeå
22%
Island in the Baltic Sea divided between Germany and PolandUsedom
22%
Republic of Russia that's native language is part of the above familyUdmurtia
16%
Westernmost town in CroatiaUmag
13%
German city of 20,000 on Lake ConstanceÜberlingen
11%
Majority Albanian city and popular tourist destination in MontenegroUlcinj
11%
Westernmost major city of the above countryUzhhorod
7%

Score Distribution

Percentile by Number Answered

Percent of People with Each Score

Your Score History

You have not taken this quiz